000 00438nam a2200109Ia 4500
008 220204s9999 xx 000 0 und d
082 _a613.2(047)
_bNAT
245 0 _aReport of the subcommittee on standardizing directory patterns and menus to be served in restaurants and other eating establishments of the National Nutrition Advisory Committee
260 _aNew Delhi
_bMinistry of Health
_c1968
650 _aDietory patterns
942 _cBK
999 _c21460
_d21460